000 00357nam a22001217a 4500
040 _cNUST
082 _a070.442,GAU
100 _aGauhar Altaf
_946332
245 _alikhte rahe junoon ki hikayat لکھتے رہے جنوں کی حکایت (Urdu) /
_cAltaf Gauhar
260 _alahore
_bSang e Meel
_c1997
300 _a486 p.
942 _2ddc
_cBK
_k070.442,GAU
999 _c593215
_d593215